|
|
|
|
| LEADER |
00765nam a22001577a 4500 |
| 020 |
|
|
|a 1-57851-257-3
|
| 082 |
|
|
|a 658.314
|b FRO/T
|
| 100 |
|
|
|a Peter J. Frost
|9 176602
|
| 245 |
|
|
|a Toxic Emotions at Work
|
| 260 |
|
|
|a U S A
|b Harvard Business School Press
|c 2003
|
| 300 |
|
|
|a xii+251p.
|
| 650 |
|
|
|a Toxic Emotions at Work
|9 176603
|
| 856 |
|
|
|u https://books.google.co.in/books?id=FOrQrRYw4v0C&printsec=frontcover&dq=Toxic+Emotions+at+Work+-+Peter+J.+Frost&hl=en&sa=X&ved=0CB0Q6wEwAGoVChMItbCp9v6ixwIVCm2OCh11mgYI#v=onepage&q=Toxic%20Emotions%20at%20Work%20-%20Peter%20J.%20Frost&f=false
|
| 942 |
|
|
|c BK
|
| 999 |
|
|
|c 190774
|d 190770
|
| 952 |
|
|
|0 0
|1 0
|4 0
|6 658_314000000000000_FRO_T
|7 0
|8 NFIC
|9 191397
|a SMBS
|b SMBS
|c GEN
|d 2015-08-12
|l 0
|o 658.314 FRO/T
|p SMBSR1030
|r 2015-08-12
|w 2015-08-12
|y REF
|